| 000 | 00634cam a2200241ua 4500 | ||
|---|---|---|---|
| 020 |
_a0 07 460144 x _c135.00 |
||
| 041 |
_aeng _h |
||
| 082 |
_a005.133 _bGOT/TH |
||
| 100 | _aGottfried, Byron S . | ||
| 245 |
_aTheory and problems of programming with C / _cByron S Gottfried. _hTextual Documents |
||
| 250 |
_a1 / _b. |
||
| 260 |
_aNew Delhi : _bTata Mc-Graw Hill Publishing Company , _c1992. |
||
| 300 | _a530 ; . | ||
| 365 | _a135.00 | ||
| 500 | _a*CSS | ||
| 504 | _a | ||
| 942 | _cBK | ||
| 999 |
_c9577 _d9577 |
||